000 005710000a22001930004500
090 _aAR
_b03832
245 1 0 _aUso de caracteres histofoliares en el estudio de hábitos alimentarios de Acridiidae. I
650 1 4 _aEntomología
_94483
650 1 4 _aLangostas
_996609
650 1 4 _aHábitos alimentarios
_93824
650 1 4 _aSelección de comida
_997038
650 1 4 _aVegetación
_992799
651 4 _pArgentina
_992749
653 _fAcridiidae
041 0 _aEspañol
100 1 _aArriaga, Mirta O.
_997649
942 _cARTICULO
773 1 _tPhysis
_h97
_q61-74
_d1981
_g39
999 _c12867
_d12867